000 00679cab a2200205 4500
001 WB3102-01
008 090401t1995 xxu||||| |||| 00| 0 eng d
035 _a(Sirsi) u65824
041 _aeng
245 _aBig boost for construction research
260 _c1995
350 _a0
490 _aConstruction Sponsorship Directorate News Release
_v(6) 10 January 1995 (4)
520 _aGovernment funding for its collaborative construction research programme is to be increased by £1.7m in 1995/6 to a total of £6.7m.
650 _aCOLLABORATIVE RESEARCH
650 _aCONSTRUCTION RESEARCH PROGRAMME
690 _aBUILT ENVIRONMENT
942 _n0
948 _c04/03/1997
999 _c41100
_d41100